Normal view
MARC view
- تاليف الصابوني، محمد علي
Entry Personal Name
001 - CONTROL NUMBER
- control field: 62086
003 - CONTROL NUMBER IDENTIFIER
- control field: JO-AjAnu
005 - DATE AND TIME OF LATEST TRANSACTION
- control field: 20230606084136.0
008 - FIXED-LENGTH DATA ELEMENTS
- fixed length control field: 230606|| aca||aabn | a|a d
040 ## - CATALOGING SOURCE
- Original cataloging agency: JO-AjAnu
- Transcribing agency: JO-AjAnu
100 ## - HEADING--PERSONAL NAME
- Personal name: تاليف الصابوني، محمد علي
670 ## - SOURCE DATA FOUND
- Source citation: Work cat.: (JO-AjAnu)31664: تاليف الصابوني، محمد علي , author, صفوة النفوس: تفسير للقران الكريم، جامع بين الماثور والمعقول، مستمد من اوثق كتب التفسير(الطبري، الكشاف، القرطبي، الالوسي، ابن كثير، البحر المحيط،) وغيرها باسلوب ميسر، وتنظيم حديث، مع العناية بالوجود البيانية واللغوية مج1